Educating youth in missions (Record no. 16848)

MARC details
000 -LEADER
campo de control de longitud fija 00642ntaaa2200217 4500
003 - IDENTIFICADOR DE NÚMERO DE CONTROL
campo de control 01
005 - FECHA Y HORA DE LA ÚLTIMA TRANSACCIÓN
campo de control 20251027202205.0
008 - DATOS DE LONGITUD FIJA--INFORMACIÓN GENERAL
campo de control de longitud fija 0714s1973 ag 01
040 ## - FUENTE DE CATALOGACIÓN
Centro catalogador/agencia de origen AR-BaBN
Lengua de catalogación spa
Centro/agencia transcriptor AR-BaBN
Normas de descripción aacr
Centro/agencia modificador RIC
082 ## - NÚMERO DE LA CLASIFICACIÓN DECIMAL DEWEY
Número de clasificación 267.4000 Mc22
100 ## - ENTRADA PRINCIPAL--NOMBRE DE PERSONA
Nombre de persona McMurry, Mildred
9 (RLIN) 14852
245 ## - MENCIÓN DEL TÍTULO
Título Educating youth in missions
250 ## - MENCION DE EDICION
Mención de edición 1 ed.
260 ## - PUBLICACIÓN, DISTRIBUCIÓN, ETC.
Lugar de publicación, distribución, etc. Nashville :
Nombre del editor, distribuidor, etc. Convention Press,
Fecha de publicación, distribución, etc. c1960
300 ## - DESCRIPCIÓN FÍSICA
Extensión 140 p
500 ## - NOTA GENERAL
Nota general Ejs. 2 3 (11611 and 16787) retirado definitivamente de biblioteca
650 ## - PUNTO DE ACCESO ADICIONAL DE MATERIA--TÉRMINO DE MATERIA
Término de materia o nombre geográfico como elemento de entrada Sociedad femenil misionera
9 (RLIN) 10447
650 ## - PUNTO DE ACCESO ADICIONAL DE MATERIA--TÉRMINO DE MATERIA
Término de materia o nombre geográfico como elemento de entrada educación misionera
9 (RLIN) 9362
650 ## - PUNTO DE ACCESO ADICIONAL DE MATERIA--TÉRMINO DE MATERIA
Término de materia o nombre geográfico como elemento de entrada misiones-educación juvenil
9 (RLIN) 20484
942 ## - ELEMENTOS DE ENTRADA SECUNDARIOS (KOHA)
Tipo de ítem Koha Colección General
Holdings
Estatus retirado Estado de pérdida Estado de daño No para préstamo Biblioteca de origen Biblioteca actual Fecha de adquisición Número de inventario Total de préstamos Signatura topográfica completa Código de barras Visto por última vez Precio de reemplazo Tipo de ítem Koha
        Biblioteca Pluis Biblioteca Pluis 27/10/2025 11592   267.4000 Mc22 11592 27/10/2025 27/10/2025 Colección General
        Biblioteca Pluis Biblioteca Pluis 27/10/2025 11611     11611 27/10/2025 27/10/2025 Colección General
        Biblioteca Pluis Biblioteca Pluis 27/10/2025 16787     16787 27/10/2025 27/10/2025 Colección General